[Event "Departementale Loire"]
[Site "?"]
[Date "2004.05.02"]
[Round "5"]
[White "Gidrol, Thibault"]
[Black "Brosse, Benjamin"]
[Result "1-0"]
[WhiteElo "1440"]
[BlackElo "1199"]
[PlyCount "137"]

1. e4 e5 2. Nf3 Nc6 3. Nc3 Bc5 4. a3 Nf6 5. Bd3 Ng4 6. O-O O-O 7. b4 Be7 8. h3
Nf6 9. b5 Nd4 10. Nxd4 exd4 11. Ne2 Bc5 12. Bb2 Qe7 13. Nxd4 Nxe4 14. Bxe4 Qxe4
15. Nf3 a6 16. bxa6 bxa6 17. d3 Qg6 18. Re1 d5 19. Bd4 Bxd4 20. Nxd4 Bxh3 21.
Qf3 Bg4 22. Qg3 c5 23. Nc6 Qxc6 24. Qxg4 Rae8 25. Rxe8 Qxe8 26. d4 cxd4 27.
Qxd4 Qe6 28. Kf1 h6 29. Re1 Qc6 30. Qd3 Re8 31. Rxe8+ Qxe8 32. Qxd5 Qa4 33. Qd3
a5 34. c4 Qc6 35. Qd4 Qa4 36. Qd5 Qxa3 37. g3 a4 38. c5 Qc1+ 39. Kg2 a3 40. c6
a2 41. Qxa2 Qxc6+ 42. Kh2 Kh7 43. f4 g5 44. Qxf7+ Kh8 45. fxg5 hxg5 46. Kh3 Qe4
47. Qh5+ Kg7 48. Qxg5+ Kf7 49. Qf4+ Qxf4 50. gxf4 Kf6 51. Kg4 Ke6 52. Kg5 Kf7
53. f5 Kg7 54. f6+ Kf7 55. Kf5 Kf8 56. Kg6 Kg8 57. Kg5 Kf7 58. Kf5 Ke8 59. Ke6
Kf8 60. f7 Kg7 61. Ke7 Kg6 62. f8=Q Kg5 63. Qf3 Kg6 64. Qf6+ Kh5 65. Qg7 Kh4
66. Kf6 Kh3 67. Qg1 Kh4 68. Qg2 Kh5 69. Qg5# 1-0

[Event "Departementale Loire"]
[Site "?"]
[Date "2004.05.02"]
[Round "5"]
[White "Desassis, Jean-Francois"]
[Black "Delabre, Jerome"]
[Result "0-1"]
[WhiteElo "1320"]
[BlackElo "1240"]
[PlyCount "77"]

1. d4 f5 2. Nc3 Nf6 3. Bf4 g6 4. Nb5 d6 5. e3 Bg7 6. Qd3 O-O 7. Qb3+ Kh8 8. Nf3
a6 9. Nc3 Nbd7 10. Ng5 Qe8 11. Bc4 Nb6 12. Nf7+ Rxf7 13. Bxf7 Qd8 14. O-O-O d5
15. h4 e6 16. h5 Nxh5 17. Rxh5 gxh5 18. Bxh5 Qh4 19. Be2 Qd8 20. Rh1 Bd7 21.
Bh5 Be8 22. Be2 Rc8 23. g4 Bg6 24. gxf5 exf5 25. Bh5 Bxh5 26. Rxh5 c5 27. dxc5
Rxc5 28. Rxf5 Bxc3 29. bxc3 Rb5 30. Be5+ Kg8 31. Bf6 Qc8 32. Rg5+ Kf7 33. Qa3
Kxf6 34. Rg3 Nc4 35. Qa4 Qf5 36. Rg8 Kf7 37. Rb8 Qxf2 38. Qxc4 Qxe3+ 39. Kd1
0-1

[Event "Departementale Loire"]
[Site "?"]
[Date "2004.05.02"]
[Round "5"]
[White "Benchegra, Mohamed"]
[Black "Desassis, Gregoire"]
[Result "1-0"]
[WhiteElo "1499"]
[BlackElo "1660"]
[PlyCount "57"]

1. e4 e6 2. d4 d5 3. e5 c5 4. c3 Nc6 5. Nf3 Qb6 6. Be2 Bd7 7. O-O O-O-O 8. a4
a5 9. Na3 cxd4 10. Nxd4 Nxe5 11. Ndb5 Bc5 12. Qc2 Nf6 13. b4 Bxf2+ 14. Kh1 Ne4
15. Rb1 axb4 16. cxb4+ Bc6 17. a5 Qa6 18. Nd6+ Rxd6 19. Bxa6 d4 20. Rxf2 Nxf2+
21. Qxf2 f5 22. Bf4 Rd5 23. Bxe5 Rxe5 24. Rc1 Rd8 25. Rxc6+ Kd7 26. Bxb7 d3 27.
Qd4+ Rd5 28. Qxg7+ Ke8 29. Rxe6# 1-0

[Event "Departementale Loire"]
[Site "?"]
[Date "2004.05.02"]
[Round "5"]
[White "Desassis, Maxence"]
[Black "Gregoire, Patrick"]
[Result "0-1"]
[WhiteElo "1430"]
[BlackElo "1499"]
[PlyCount "44"]

1. e4 d5 2. e5 e6 3. d4 c5 4. Bb5+ Bd7 5. Bxd7+ Nxd7 6. Nf3 cxd4 7. Nxd4 Nxe5
8. f4 Ng6 9. f5 Qh4+ 10. Kf1 Qf6 11. Qd3 a6 12. g3 Bc5 13. Be3 N8e7 14. h4 O-O
15. Nxe6 Bxe3 16. Nxf8 Nxf5 17. Nxg6 Nxg3+ 18. Kg2 Qf2+ 19. Kh3 Nxh1 20. Kg4
Qg3+ 21. Kf5 Qxg6+ 22. Ke5 Qe6# 0-1

[Event "Departementale Loire"]
[Site "?"]
[Date "2004.05.02"]
[Round "?"]
[White "Gregoire, Michele"]
[Black "Desassis, Emmeran"]
[Result "1-0"]
[WhiteElo "1499"]
[BlackElo "1009"]
[PlyCount "51"]

1. d4 d5 2. Nf3 Bg4 3. Nc3 Bxf3 4. gxf3 Nc6 5. Bg2 Na5 6. e4 dxe4 7. fxe4 Qd7
8. O-O O-O-O 9. d5 e6 10. Re1 exd5 11. Nxd5 Bb4 12. c3 Bd6 13. b4 Nc4 14. Bf1
Bxh2+ 15. Kxh2 c6 16. Bh3 cxd5 17. Bxd7+ Rxd7 18. exd5 Nf6 19. Qd4 Nd6 20. Qc5+
Kd8 21. Bf4 b6 22. Qc6 Re8 23. Bxd6 Rxe1 24. Rxe1 Ng4+ 25. Kg3 h5 26. Qa8# 1-0

[Event "Departementale Loire"]
[Site "?"]
[Date "2004.05.02"]
[Round "5"]
[White "Goudet, Maxence"]
[Black "Marazian, Antoine"]
[Result "1-0"]
[WhiteElo "1090"]
[BlackElo "1860"]
[PlyCount "99"]

1. e4 e6 2. d4 d5 3. exd5 exd5 4. Qe2+ Be6 5. Qb5+ Nd7 6. Qxb7 Ngf6 7. Bb5 Bd6
8. Bg5 O-O 9. Nc3 Qb8 10. Qxb8 Raxb8 11. Nf3 h6 12. Bxd7 Nxd7 13. Bc1 Bg4 14.
O-O Bxf3 15. gxf3 c6 16. b3 Rfe8 17. Bd2 Re6 18. Kh1 Rf6 19. Rg1 Kh7 20. Kg2
Rf5 21. Rae1 Nf8 22. Re3 Ne6 23. Rd3 Re8 24. Re1 Rh5 25. h3 Rd8 26. Rb1 Bb4 27.
Re1 Rd6 28. Re5 Bxc3 29. Rxc3 Rh4 30. Be3 Nxd4 31. Bxd4 Rxd4 32. Re7 Rd1 33. f4
Rf6 34. Rxa7 Rd4 35. Ra6 Rdxf4 36. f3 Rg6+ 37. Kh2 Rgf6 38. Raxc6 Rxf3 39. Rxf3
Rxc6 40. c3 f6 41. Rd3 Kg8 42. a4 Rb6 43. b4 Rc6 44. b5 Rc4 45. a5 Ra4 46. a6
Kf7 47. Rxd5 Ke6 48. Rd2 Ke7 49. c4 Ra5 50. Rb2 1-0

[Event "Departementale Loire"]
[Site "?"]
[Date "2004.05.02"]
[Round "5"]
[White "Bournez, Gerard"]
[Black "Giroux, Sylvain"]
[Result "1/2-1/2"]
[WhiteElo "1400"]
[BlackElo "1399"]
[PlyCount "123"]

1. e4 e5 2. Bc4 Nf6 3. d3 Bc5 4. Nf3 d6 5. Nc3 Nc6 6. h3 O-O 7. a3 a6 8. b4 b5
9. Bd5 Bd4 10. Bd2 Bxc3 11. Bxc3 Bd7 12. O-O Nxd5 13. exd5 Ne7 14. Bb2 Nxd5 15.
c4 Nf4 16. c5 Bc6 17. Kh2 Qf6 18. Bc1 Ng6 19. Be3 Bxf3 20. Qxf3 Qxf3 21. gxf3
Rfd8 22. cxd6 cxd6 23. Rac1 Rac8 24. Kg3 f5 25. Bb6 Rf8 26. Rc7 f4+ 27. Kg4
Rxc7 28. Bxc7 Rc8 29. Bxd6 Rc3 30. d4 exd4 31. Bxf4 Nxf4 32. Kxf4 Rxa3 33. Rb1
d3 34. Ke3 Ra2 35. f4 g6 36. f3 Rh2 37. Kxd3 Rxh3 38. Ke3 Rh5 39. Ra1 g5 40.
fxg5 Rxg5 41. Rxa6 h5 42. Kf4 Rg1 43. Rh6 Rb1 44. Rxh5 Rxb4+ 45. Kf5 Rb1 46. f4
b4 47. Kf6 Rf1 48. f5 b3 49. Rh2 Rb1 50. Rg2+ Kf8 51. Rg7 Rc1 52. Rb7 Rc6+ 53.
Kg5 Rc3 54. Kg6 Rg3+ 55. Kf6 Kg8 56. Rb8+ Kh7 57. Rb7+ Kh8 58. Rb8+ Kh7 59.
Rb7+ Kh6 60. Rb6 Kh5 61. Rb5 Kh4 62. Kf7 1/2-1/2

[Event "Departementale Loire"]
[Site "?"]
[Date "2004.05.02"]
[Round "5"]
[White "Carrot, Axel"]
[Black "Thevenet, Olivier"]
[Result "0-1"]
[WhiteElo "1350"]
[BlackElo "1499"]
[PlyCount "108"]

1. d4 f5 2. Nc3 g6 3. e4 e6 4. e5 d6 5. exd6 cxd6 6. Bf4 Nf6 7. Be2 Bg7 8. Nb5
Qa5+ 9. Qd2 Qxd2+ 10. Bxd2 Ke7 11. Nc7 b6 12. Nxa8 Bb7 13. Nc7 Bxg2 14. Bf3
Bxh1 15. Bxh1 a6 16. d5 Rc8 17. Nxe6 Kf7 18. Bf4 Rxc2 19. Bxd6 Nbd7 20. b3 Ne4
21. Bxe4 fxe4 22. Ng5+ Kg8 23. Rb1 Rxa2 24. Nxe4 Be5 25. Bxe5 Nxe5 26. Nc3 Nd3+
27. Kd1 Rxf2 28. Nge2 Rxh2 29. Kd2 Ne5 30. Ra1 a5 31. Rf1 g5 32. Rf5 Nf7 33.
Ne4 g4 34. Ke3 Kf8 35. Rf4 Rh3+ 36. N2g3 h5 37. Kd4 Ke7 38. Nf5+ Kd7 39. Nf6+
Kd8 40. Nh7 Rxb3 41. Ng7 Rb4+ 42. Ke3 Rxf4 43. Kxf4 a4 44. Ne6+ Kd7 45. Nd4 Kd6
46. Nf6 Kc5 47. Ke3 g3 48. Ne2 h4 49. Kf3 b5 50. Ne4+ Kxd5 51. N4c3+ Kc4 52.
Nb1 Ne5+ 53. Ke3 Kb3 54. Kd4 Kb2 0-1

[Event "Departementale Loire"]
[Site "?"]
[Date "2004.05.02"]
[Round "6"]
[White "Farge, Damien"]
[Black "Celette, Robert"]
[Result "0-1"]
[WhiteElo "1600"]
[BlackElo "2080"]
[PlyCount "98"]

1. e4 e5 2. Nf3 Nc6 3. d4 exd4 4. Nxd4 Nf6 5. Nxc6 bxc6 6. e5 Ne4 7. Qe2 Nc5 8.
b3 Be7 9. Ba3 O-O 10. Nc3 Nd3+ 11. Qxd3 Bxa3 12. Be2 Qe7 13. Qg3 d6 14. exd6
cxd6 15. O-O Bb2 16. Rae1 Qe5 17. Qxe5 dxe5 18. Ne4 Ba3 19. c4 f5 20. Ng3 a5
21. Bd1 Bb2 22. Re2 Bd4 23. Kh1 c5 24. Rd2 Bb7 25. f3 g6 26. a4 Rad8 27. Bc2
Bc3 28. Rxd8 Rxd8 29. Rd1 Rxd1+ 30. Bxd1 h5 31. h4 Be1 32. Kh2 Bc8 33. Bc2 Kg7
34. Ne2 Bxh4 35. g3 Bf6 36. Nc3 e4 37. Nd5 exf3 38. Nxf6 Kxf6 39. Kg1 g5 40.
Bd1 g4 41. Kf2 Ke5 42. Ke3 Bb7 43. Bc2 Be4 44. Bd1 Bb1 45. b4 cxb4 46. c5 Be4
47. Bb3 Bd5 48. Bc2 b3 49. Bd3 b2 0-1

[Event "Departementale Loire"]
[Site "?"]
[Date "2004.05.02"]
[Round "6"]
[White "Testard, Philippe"]
[Black "Rogues, Jean-Luc"]
[Result "1-0"]
[WhiteElo "2020"]
[BlackElo "1500"]
[PlyCount "35"]

1. e4 e5 2. d4 d6 3. Bc4 Nf6 4. dxe5 dxe5 5. Qxd8+ Kxd8 6. Bg5 Be7 7. Nc3 Rf8
8. O-O-O+ Bd7 9. Nf3 Nc6 10. Bb5 Kc8 11. Rhe1 h6 12. Bh4 g5 13. Bg3 Bd6 14.
Bxc6 Bxc6 15. Nxe5 Bxe5 16. Bxe5 Ng4 17. Bg3 h5 18. f3 1-0

[Event "Departementale Loire"]
[Site "?"]
[Date "2004.05.02"]
[Round "6"]
[White "Geraci, Georges"]
[Black "Boblin, Laurent"]
[Result "0-1"]
[WhiteElo "1499"]
[BlackElo "1990"]
[PlyCount "74"]

1. d4 d5 2. Nf3 Nf6 3. e3 Bg4 4. Bb5+ c6 5. Be2 e6 6. Nbd2 Nbd7 7. b3 Bb4 8. c3
Bxc3 9. Rb1 Bf5 10. Ba3 Qa5 11. O-O Qxa3 12. Rc1 Bb2 13. g3 Bxc1 14. Qxc1 Qxc1
15. Rxc1 Ne4 16. Nf1 Bg4 17. Rc2 Rc8 18. b4 a5 19. b5 Ke7 20. a4 cxb5 21. axb5
Rxc2 22. N1d2 Nxd2 23. Ne1 Bxe2 24. Nxc2 Bxb5 25. h4 Rc8 26. Na3 Be2 27. f3
Bxf3 28. Kf2 Rc1 29. e4 Rf1+ 30. Ke3 Nc4+ 31. Nxc4 dxc4 32. e5 a4 33. Kf4 a3
34. Kg5 Nb6 35. g4 Nd5 36. h5 Rh1 37. h6 gxh6# 0-1

[Event "Departementale Loire"]
[Site "?"]
[Date "2004.05.02"]
[Round "6"]
[White "Aumont, Georges"]
[Black "Brosse, Benjamin"]
[Result "1-0"]
[WhiteElo "1860"]
[BlackElo "1199"]
[PlyCount "67"]

1. e4 e5 2. Nf3 Nc6 3. Bb5 Nf6 4. O-O Bd6 5. c3 Nxe4 6. d4 exd4 7. cxd4 O-O 8.
Nc3 Nf6 9. Bg5 Be7 10. Qd2 h6 11. Bh4 d5 12. h3 Qd7 13. Ne5 Qe8 14. Rfe1 a6 15.
Bxc6 bxc6 16. Bxf6 Bxf6 17. Ng6 Qd8 18. Nxf8 Qxf8 19. Na4 Bd7 20. Nc5 Qd6 21.
Qd3 Bc8 22. Re8+ Qf8 23. Rxf8+ Kxf8 24. Re1 Bh4 25. Qh7 f5 26. Qh8+ Kf7 27.
Qe8+ Kf6 28. Qe7+ Kg6 29. Qxh4 Kh7 30. Re8 g5 31. Qh5 Be6 32. Re7+ Kh8 33.
Qxh6+ Kg8 34. Qg7# 1-0

[Event "Departementale Loire"]
[Site "?"]
[Date "2004.05.02"]
[Round "6"]
[White "Petit, Didier"]
[Black "Deville, Olivier"]
[Result "0-1"]
[WhiteElo "2000"]
[BlackElo "2040"]
[PlyCount "142"]

1. d4 d5 2. Nf3 c6 3. Bf4 Qb6 4. Qc1 Bf5 5. c3 Nf6 6. Nbd2 e6 7. Nh4 Bg6 8.
Nxg6 hxg6 9. Nf3 c5 10. e3 Nc6 11. Be2 cxd4 12. exd4 Be7 13. O-O O-O 14. Bd3
Rac8 15. Qd2 Na5 16. Ne5 Nc4 17. Bxc4 dxc4 18. Rfb1 Rfd8 19. Qe2 Nd5 20. Be3
Qc7 21. Qf3 Bd6 22. Qe4 f5 23. Qh4 Bxe5 24. dxe5 Qxe5 25. Bd4 Qf4 26. Qg3 Qxg3
27. hxg3 a6 28. Re1 Kf7 29. Re2 b5 30. Rae1 Re8 31. f3 a5 32. a3 b4 33. axb4
axb4 34. Kf2 Ra8 35. Rh1 bxc3 36. bxc3 Ra3 37. Rc1 Rb8 38. Be5 Rbb3 39. Rec2
Ra6 40. f4 Nf6 41. Rd1 Ng4+ 42. Kf3 Nxe5+ 43. fxe5 g5 44. Ke3 Ra5 45. Rd7+ Kg6
46. Kd4 Rbb5 47. Kxc4 Rxe5 48. Rb2 Rec5+ 49. Kd4 Rd5+ 50. Rxd5 Rxd5+ 51. Ke3 e5
52. Rb6+ Kh5 53. c4 Rc5 54. Kd3 f4 55. gxf4 gxf4 56. Re6 g5 57. Rd6 Kg4 58. Rg6
Kf5 59. Rg8 e4+ 60. Kd4 Rc7 61. Rf8+ Kg4 62. Kxe4 Rxc4+ 63. Kd3 Ra4 64. Re8 Kg3
65. Re2 Ra3+ 66. Kd4 g4 67. Rb2 f3 68. gxf3 gxf3 69. Rb8 f2 70. Rg8+ Kf3 71.
Rf8+ Kg2 0-1

[Event "Departementale Loire"]
[Site "?"]
[Date "2004.05.02"]
[Round "6"]
[White "Chabas, Jean-Luc"]
[Black "Clement, Paul"]
[Result "0-1"]
[WhiteElo "1580"]
[BlackElo "1900"]
[PlyCount "50"]

1. e4 e6 2. d4 d5 3. exd5 exd5 4. Nf3 Bd6 5. Be2 Ne7 6. O-O O-O 7. Bd2 Bf5 8.
b3 Nd7 9. c4 c6 10. h3 Rc8 11. Bc3 Ng6 12. Bd3 Qf6 13. Bxf5 Qxf5 14. Nbd2 Nf6
15. Re1 Rfe8 16. Nf1 Rxe1 17. Nxe1 Ne4 18. Qc2 Qh5 19. Nf3 Nf4 20. Re1 Nxh3+
21. gxh3 Qxf3 22. Re3 Qf5 23. Qd1 Qxf2+ 24. Kh1 Qxe3 25. Nxe3 Nf2+ 0-1

[Event "Departementale Loire"]
[Site "?"]
[Date "2004.05.02"]
[Round "6"]
[White "Adamus, Jeremy"]
[Black "Barthelemy, Jerome"]
[Result "1-0"]
[WhiteElo "1910"]
[BlackElo "1510"]
[PlyCount "97"]

1. d4 d5 2. c4 e6 3. Nf3 Nf6 4. Nc3 Be7 5. Bf4 c6 6. e3 Nbd7 7. Rc1 O-O 8. Be2
Nh5 9. Bg3 Nxg3 10. hxg3 Nf6 11. Qc2 h6 12. Ne5 Bb4 13. a3 Bxc3+ 14. bxc3 Ne4
15. Bd3 f6 16. Ng6 Re8 17. Bxe4 dxe4 18. Qxe4 Kf7 19. Ra1 f5 20. Ne5+ Kg8 21.
Qh4 Qxh4 22. gxh4 Rf8 23. h5 f4 24. e4 Rf6 25. Ke2 b6 26. Nxc6 Bb7 27. e5 Rf7
28. Nb4 f3+ 29. Ke1 fxg2 30. Rg1 Raf8 31. Ra2 Rf5 32. Nd3 Rxh5 33. f4 Rh1 34.
Kf2 Be4 35. Rd2 Bxd3 36. Rxd3 Rxf4+ 37. Kxg2 Rhh4 38. a4 Rhg4+ 39. Rg3 Rxg3+
40. Kxg3 Rf5 41. Ra1 g5 42. a5 bxa5 43. Rxa5 Rf7 44. d5 exd5 45. cxd5 h5 46. e6
Rf5 47. d6 Rxa5 48. d7 Rd5 49. e7 1-0

[Event "Departementale Loire"]
[Site "?"]
[Date "2004.05.02"]
[Round "6"]
[White "Gidrol, Thibault"]
[Black "Bazoux, Sebastien"]
[Result "0-1"]
[WhiteElo "1440"]
[BlackElo "1500"]
[PlyCount "66"]

1. e4 c5 2. Nc3 Nc6 3. Nf3 d6 4. d4 cxd4 5. Nxd4 a6 6. Nxc6 bxc6 7. Bd3 Nf6 8.
b3 g6 9. Bb2 Bg7 10. Qd2 c5 11. O-O-O Be6 12. Rhe1 Nd7 13. f4 Qc7 14. f5 Bxb3
15. cxb3 Ne5 16. Be2 h5 17. Nd5 Qb7 18. Bxe5 dxe5 19. Qc2 Rc8 20. Rf1 O-O 21.
f6 exf6 22. Nxf6+ Kh8 23. Nd7 Rfe8 24. Qc4 Re7 25. Qxa6 Rxd7 26. Rxd7 Qxd7 27.
Rd1 Qc7 28. Bb5 Rd8 29. Rxd8+ Qxd8 30. Qa7 Bh6+ 31. Kc2 Qd2+ 32. Kb1 Qd1+ 33.
Kb2 Qc1# 0-1

[Event "Departementale Loire"]
[Site "?"]
[Date "2004.05.02"]
[Round "6"]
[White "Delabre, Jerome"]
[Black "Garon, Pierre"]
[Result "0-1"]
[WhiteElo "1240"]
[BlackElo "2009"]
[PlyCount "60"]

1. d4 d5 2. c4 c6 3. Nc3 Nf6 4. Bg5 e6 5. e4 h6 6. Bh4 g5 7. Bg3 Nxe4 8. Nxe4
dxe4 9. Be5 Bb4+ 10. Ke2 f6 11. Bg3 O-O 12. f3 e3 13. f4 Nd7 14. Nf3 e5 15.
fxe5 f5 16. Be1 Be7 17. g3 b6 18. Rg1 Bb7 19. h4 g4 20. Nd2 c5 21. d5 Nxe5 22.
Kxe3 Bf6 23. Qc2 Qd6 24. Bd3 Nxd3 25. Qxd3 Bd4+ 26. Ke2 Bxg1 27. Nb3 Rae8+ 28.
Kf1 Be3 29. Bc3 Qxg3 30. Qe2 Qg1# 0-1

[Event "Departementale Loire"]
[Site "?"]
[Date "2004.05.02"]
[Round "6"]
[White "Mujic, Saban"]
[Black "Benchegra, Mohamed"]
[Result "1-0"]
[WhiteElo "1940"]
[BlackElo "1499"]
[PlyCount "77"]

1. e4 d5 2. exd5 Qxd5 3. Nc3 Qa5 4. d4 c6 5. Nf3 g6 6. Bd3 Bg7 7. O-O Nf6 8.
Bd2 Qc7 9. Re1 Bg4 10. h3 Bxf3 11. Qxf3 Nbd7 12. Bc4 O-O 13. Rxe7 Qd6 14. Rae1
Qxd4 15. Bd3 Rad8 16. Bf4 Qb4 17. Nd1 Nd5 18. R7e4 Qb6 19. c4 Nxf4 20. Qxf4 Nf6
21. R4e3 Rd7 22. b3 Rfd8 23. Be2 Qb4 24. Bf3 h6 25. g4 Kh7 26. g5 Nd5 27. Bxd5
Rxd5 28. gxh6 Rxd1 29. Rxd1 Rxd1+ 30. Kg2 Bxh6 31. Qxf7+ Bg7 32. Rg3 Qd6 33.
Rg4 Qf6 34. Qxb7 Rd2 35. Qxa7 Kg8 36. a4 Bf8 37. Qe3 Rb2 38. Rg3 Bc5 39. Qxc5
1-0

[Event "Departementale Loire"]
[Site "?"]
[Date "2004.05.02"]
[Round "6"]
[White "Gregoire, Patrick"]
[Black "Bellon, Yves"]
[Result "0-1"]
[WhiteElo "1499"]
[BlackElo "1880"]
[PlyCount "92"]

1. e4 c5 2. d4 cxd4 3. Qxd4 Nc6 4. Qc3 d6 5. Bb5 Bd7 6. b3 Nf6 7. Nd2 Qb6 8.
Bxc6 Bxc6 9. e5 dxe5 10. Qg3 Qd4 11. c3 Qd6 12. Nc4 Qd5 13. Nf3 O-O-O 14. O-O
e4 15. Nfe5 g6 16. Be3 Nh5 17. Qg4+ f5 18. Qd1 Qe6 19. Qc1 Bd5 20. Rd1 Bg7 21.
Bd4 Bxc4 22. Nxc4 Bf6 23. Qa3 a6 24. Qc5+ Qc6 25. Nb6+ Kb8 26. Be5+ Bxe5 27.
Qxe5+ Ka7 28. Rxd8 Rxd8 29. Nc4 Qd5 30. g3 Qxe5 31. Nxe5 Nf6 32. Nf7 Rd2 33. h3
Nd5 34. c4 Nb4 35. a3 Nd3 36. Rf1 Ra2 37. Ng5 h5 38. g4 hxg4 39. hxg4 Rxa3 40.
f3 e3 41. gxf5 gxf5 42. Kh2 e2 43. Rg1 e1=Q 44. Rxe1 Nxe1 45. Ne6 Nxf3+ 46. Kg3
Rxb3 0-1

[Event "Departementale Loire"]
[Site "?"]
[Date "2004.05.02"]
[Round "6"]
[White "Bednar, Emile"]
[Black "Gregoire, Michele"]
[Result "1-0"]
[WhiteElo "1840"]
[BlackElo "1499"]
[PlyCount "75"]

1. e4 e5 2. f4 Nc6 3. Nf3 d6 4. Bc4 Be7 5. O-O Bg4 6. Bxf7+ Kxf7 7. Nxe5+ Ke8
8. Nxg4 Nf6 9. Nc3 Rf8 10. d4 Qd7 11. Ne3 d5 12. e5 Ne4 13. Ncxd5 g6 14. c4 Rd8
15. e6 Qc8 16. Nxe7 Nxe7 17. Qa4+ c6 18. d5 Nc5 19. Qd1 Nf5 20. Nxf5 gxf5 21.
Qh5+ Ke7 22. Qxh7+ Kd6 23. e7 Rh8 24. exd8=Q+ Qxd8 25. Qxf5 Re8 26. b4 Ne4 27.
Be3 b6 28. Bd4 Kc7 29. Be5+ Nd6 30. c5 cxd5 31. cxd6+ Kb7 32. Qf7+ Ka6 33. b5+
Kxb5 34. Qxa7 Qa8 35. Rab1+ Kc4 36. Qc7+ Kd3 37. Rf3+ Ke4 38. Qc2# 1-0

[Event "Departementale Loire"]
[Site "?"]
[Date "2004.05.02"]
[Round "6"]
[White "Pareux, Marc"]
[Black "Gaillard, Pierre"]
[Result "0-1"]
[WhiteElo "1540"]
[BlackElo "1690"]
[PlyCount "60"]

1. d4 e6 2. e4 d5 3. Be3 Nf6 4. e5 Nfd7 5. Nd2 a6 6. f4 c5 7. c3 Nc6 8. Ngf3 b5
9. Bd3 c4 10. Bc2 Qb6 11. O-O b4 12. f5 Ndxe5 13. fxe6 Bxe6 14. Ng5 Ng4 15. Bf2
Bd6 16. Ndf3 O-O-O 17. Nxe6 fxe6 18. Ne5 Nxf2 19. Rxf2 Nxe5 20. dxe5 Bc5 21.
Qe2 Rhf8 22. Raf1 Rxf2 23. Rxf2 Rf8 24. cxb4 Qxb4 25. Bxh7 Bxf2+ 26. Kh1 Bd4
27. h3 Qxb2 28. Qg4 Qa1+ 29. Kh2 Bxe5+ 30. g3 Rf2# 0-1

[Event "Departementale Loire"]
[Site "?"]
[Date "2004.05.02"]
[Round "6"]
[White "Montroussier, Jacques"]
[Black "Simon, Joel"]
[Result "0-1"]
[WhiteElo "1520"]
[BlackElo "1620"]
[PlyCount "134"]

1. e4 d6 2. Nf3 Nf6 3. Nc3 g6 4. d4 Bg7 5. Be2 c5 6. dxc5 Qa5 7. O-O Qxc5 8.
Be3 Qa5 9. Nd4 O-O 10. Qd3 Nc6 11. Rab1 a6 12. Nb3 Qd8 13. f3 b5 14. Nd4 Bb7
15. Nd5 Ne5 16. Nxf6+ Bxf6 17. Qd2 Rc8 18. Rbc1 Nc4 19. Bxc4 Rxc4 20. b3 Rc8
21. Qd3 Qa5 22. Rfd1 Qxa2 23. Ra1 Qb2 24. Rdb1 Qc3 25. Rc1 Rc7 26. Ne2 Qxd3 27.
cxd3 Rxc1+ 28. Rxc1 Rc8 29. Rxc8+ Bxc8 30. d4 Bb7 31. d5 e6 32. dxe6 fxe6 33.
Nf4 Kf7 34. Kf2 e5 35. Nd3 Bc8 36. Bb6 Be6 37. Nb4 Bxb3 38. Nxa6 Bc4 39. Bc7 d5
40. exd5 Bxd5 41. Ba5 Bc4 42. Bb4 Be7 43. Bc3 Bd6 44. Ke3 Ke6 45. g3 Kd5 46.
Nb4+ Bxb4 47. Bxb4 Bf1 48. Bc3 Bg2 49. Kf2 Bh1 50. Ke3 e4 51. fxe4+ Bxe4 52.
Kd2 Kc4 53. Ba5 b4 54. Bxb4 Kxb4 55. Ke3 Bb1 56. Kf4 h6 57. h4 Kc5 58. Ke5 h5
59. Kf6 Kd6 60. Kg5 Bf5 61. Kf4 Ke6 62. Kf3 Ke5 63. Ke3 Bg4 64. Kd3 Kf5 65. Kd4
Bf3 66. Ke3 Kg4 67. Kf2 Bd5 0-1

[Event "Departementale Loire"]
[Site "?"]
[Date "2004.05.02"]
[Round "6"]
[White "Hyka, Astrit"]
[Black "Trenteseaux, Alain"]
[Result "1-0"]
[WhiteElo "1499"]
[BlackElo "1450"]
[PlyCount "71"]

1. b3 Nf6 2. Bb2 e5 3. Bxe5 d6 4. Bb2 Nbd7 5. e3 g6 6. c3 Bg7 7. Bd3 O-O 8. Na3
c6 9. Ne2 Ne5 10. Qc2 Neg4 11. f3 Ne5 12. Ng3 Nxd3+ 13. Qxd3 d5 14. c4 dxc4 15.
Qxc4 Be6 16. Qc2 Qe7 17. Nc4 Bxc4 18. bxc4 Rad8 19. O-O Rd7 20. Rfe1 Rfd8 21.
d4 Qf8 22. Qa4 a6 23. Qb3 c5 24. d5 Rb8 25. a4 b5 26. cxb5 axb5 27. Bxf6 Bxf6
28. axb5 Bxa1 29. Rxa1 Ra8 30. Rc1 Rc7 31. Ne4 Qg7 32. b6 Ra1 33. bxc7 Rxc1+
34. Kf2 Qf8 35. Qb2 Rc4 36. Nf6+ 1-0

[Event "Departementale Loire"]
[Site "?"]
[Date "2004.05.02"]
[Round "6"]
[White "Megnot, Philippe"]
[Black "Vaughan, Luiz"]
[Result "1-0"]
[WhiteElo "1150"]
[BlackElo "1499"]
[PlyCount "61"]

1. c4 g6 2. Nf3 Bg7 3. d4 d6 4. Bg5 f6 5. Bh4 Bf5 6. Nc3 Nc6 7. e4 Bg4 8. Be2
e5 9. d5 Bxf3 10. Bxf3 Nd4 11. a4 a6 12. O-O Ne7 13. Re1 O-O 14. Re3 Bh6 15.
Rd3 g5 16. Bg3 f5 17. h3 Ng6 18. Ne2 Nxe2+ 19. Qxe2 g4 20. hxg4 Bf4 21. gxf5
Bxg3 22. fxg6 Bh4 23. g3 Qg5 24. gxh7+ Kxh7 25. Bg4 Rg8 26. gxh4 Qxh4 27. Rg3
Qf6 28. Kg2 Kg7 29. Be6+ Kh7 30. Rh1+ Qh6 31. Rxh6+ 1-0

[Event "Departementale Loire"]
[Site "?"]
[Date "2004.05.02"]
[Round "6"]
[White "Goudet, Maxence"]
[Black "Desassis, Gregoire"]
[Result "1-0"]
[WhiteElo "1090"]
[BlackElo "1660"]
[PlyCount "67"]

1. e4 e6 2. d4 d5 3. exd5 exd5 4. Nf3 Bb4+ 5. c3 Bd6 6. Bd3 Qe7+ 7. Qe2 Qxe2+
8. Bxe2 Bf5 9. Nbd2 Nf6 10. O-O O-O 11. c4 Re8 12. Re1 Bb4 13. cxd5 Nxd5 14. a3
Bd6 15. Nc4 Nf4 16. Be3 Nxe2+ 17. Rxe2 Bf4 18. Nce5 c5 19. Bxf4 Nc6 20. Rae1
Bg6 21. Nxc6 Rxe2 22. Rxe2 Bd3 23. Re7 bxc6 24. dxc5 Rd8 25. Rxa7 Bb5 26. g3
Be2 27. Ne5 f6 28. Nxc6 Re8 29. Bd6 Bf3 30. Ne7+ Kh8 31. c6 Rd8 32. c7 Rxd6 33.
c8=Q+ Rd8 34. Qxd8# 1-0

[Event "Departementale Loire"]
[Site "?"]
[Date "2004.05.02"]
[Round "6"]
[White "Desassis, Jean-Francois"]
[Black "Giroux, Sylvain"]
[Result "1-0"]
[WhiteElo "1320"]
[BlackElo "1399"]
[PlyCount "33"]

1. d4 d5 2. e4 Nf6 3. e5 Ne4 4. f3 Bf5 5. fxe4 Bxe4 6. Nc3 Nc6 7. Nf3 Nb4 8.
Nxe4 dxe4 9. Ng5 f5 10. Bc4 Nd5 11. O-O Qd7 12. c3 e6 13. Qb3 g6 14. Qxb7 Qd8
15. Bb5+ Ke7 16. Qc6 Bh6 17. Qxe6+ 1-0

[Event "Departementale Loire"]
[Site "?"]
[Date "2004.05.02"]
[Round "6"]
[White "Carrot, Axel"]
[Black "Desassis, Maxence"]
[Result "1-0"]
[WhiteElo "1350"]
[BlackElo "1430"]
[PlyCount "113"]

1. d4 d5 2. Nf3 Nf6 3. Bf4 Nc6 4. e3 Bg4 5. Bd3 e6 6. h3 Bxf3 7. Qxf3 Bd6 8.
Bxd6 Qxd6 9. Nc3 Nb4 10. a3 Nxd3+ 11. cxd3 Qb6 12. b4 a5 13. Na4 Qb5 14. Qd1
axb4 15. axb4 Qxb4+ 16. Qd2 Qxd2+ 17. Kxd2 O-O 18. Rhc1 Rfc8 19. Nb2 Rxa1 20.
Rxa1 g5 21. g3 c5 22. dxc5 Rxc5 23. Ra8+ Kg7 24. d4 Rb5 25. Nd3 Ne4+ 26. Ke2
Rb2+ 27. Nxb2 h5 28. Rb8 f5 29. Rxb7+ Kf6 30. h4 f4 31. hxg5+ Nxg5 32. exf4 Nh3
33. Kf3 Ng1+ 34. Kg2 Ne2 35. Rb4 Kf5 36. Kf1 Nc3 37. Rb3 Ne4 38. Ke2 Kg4 39.
f3+ Kxg3 40. fxe4+ Kxf4 41. exd5 exd5 42. Rf3+ Kg4 43. Ke3 h4 44. Rf4+ Kg3 45.
Rf3+ Kg2 46. Kf4 h3 47. Rg3+ Kf2 48. Rxh3 Ke2 49. Ke5 Kf2 50. Kxd5 Kg2 51. Ra3
Kf2 52. Kc5 Ke2 53. d5 Kd2 54. d6 Kc2 55. Na4 Kd2 56. d7 Kc2 57. d8=Q 1-0